An INTRODUCTION to physical geography and the environment
Bewaard in:
| Formaat: | Boek |
|---|---|
| Taal: | Engels |
| Gepubliceerd in: |
Pearson
2012
|
| Tags: |
Voeg label toe
Geen labels, Wees de eerste die dit record labelt!
|
MARC
| LEADER | 00000nam a22000007a 4500 | ||
|---|---|---|---|
| 008 | 240315b |||||||| |||| 00| 0 eng d | ||
| 020 | |a 9781292083575 | ||
| 245 | |a An INTRODUCTION to physical geography and the environment |c /edited by Joseph Holden |g XXV,810P;ill | ||
| 250 | |b 4th |c Holden, Joseph | ||
| 260 | |b Pearson |c 2012 |h Harlow, England |i 691638 |l GB54.5.In8 |m Physical geography | ||
| 500 | |a it includes references and index | ||
| 942 | |a lcc |c BK |e Johnson |f 15/03/24 | ||
| 952 | |0 0 |1 0 |2 ddc |4 0 |6 GB_54_500000000000000_IN8 |7 0 |9 4996 |a HOL |b HOL |d 2024-03-15 |l 0 |o GB54.5.In8 |p 2024-0247 |r 2024-03-15 00:00:00 |t 691638 |w 2024-03-15 |y BK | ||
| 999 | |c 2479 |d 2479 | ||